[Event "DEM U16 2015"]
[Site "Willingen GER"]
[Date "2015.05.28"]
[Round "7"]
[White "Nothnagel, Marian Can"]
[Black "Haase, Dominik"]
[Result "1-0"]
[Termination "normal"]
[Board "15"]
[WhiteElo "1904"]
[BlackElo "1487"]
[PlyCount "47"]
[WhiteFideId "12921530"]
[BlackFideId "16208781"]
[EventCountry "GER"]
[EventRounds "9"]
[EventType "swiss"]
[EventDate "2015.05.23"]

1. e4 e5 2. Nf3 d6 3. d4 exd4 4. Nxd4 Nf6 5. Nc3 Be7 6. Bf4 Nbd7 7. Qd2 O-O 8.
O-O-O Re8 9. f3 Bf8 10. g4 Ne5 11. Be2 c6 12. g5 Nh5 13. Be3 g6 14. Rdg1 Ng7
15. f4 Nd7 16. h4 Nc5 17. Bf3 Qe7 18. h5 d5 19. hxg6 fxg6 20. Qh2 Nge6 21. f5
Nxd4 22. Bxd4 Nxe4 23. Bxe4 dxe4 24. fxg6 1-0

[Event "DEM U16 2015"]
[Site "Willingen GER"]
[Date "2015.05.29"]
[Round "8"]
[White "Kollars, Dmitrij"]
[Black "Urban, Konstantin"]
[Result "1-0"]
[Termination "normal"]
[Board "1"]
[WhiteElo "2410"]
[BlackElo "2206"]
[WhiteClock "00:12:10"]
[BlackClock "00:22:08"]
[PlyCount "125"]
[WhiteFideId "12909572"]
[BlackFideId "12927511"]
[EventCountry "GER"]
[EventRounds "9"]
[EventType "swiss"]
[EventDate "2015.05.23"]

1. d4 Nf6 2. c4 e5 3. dxe5 Ng4 4. Nf3 Bc5 5. e3 Nc6 6. Nc3 Ngxe5 7. Nxe5 Nxe5
8. Be2 d6 9. O-O O-O 10. b3 a5 11. Bb2 Re8 12. Na4 b6 13. Nxc5 bxc5 14. Bxe5
Rxe5 15. Bf3 Ra7 16. Qd2 Bf5 17. Rad1 Be4 18. Bxe4 Rxe4 19. Rfe1 a4 20. f3 Re8
21. b4 cxb4 22. Qxb4 Qe7 23. Rd5 Raa8 24. e4 Reb8 25. Rb5 Rxb5 26. cxb5 Qe5 27.
Rc1 Rb8 28. Qxa4 Qxb5 29. Qxb5 Rxb5 30. Rxc7 Kf8 31. Ra7 Rb2 32. a4 Ra2 33. a5
g6 34. a6 Kg7 35. h4 h5 36. Kh2 Kf6 37. Kg3 Kg7 38. Ra8 Kf6 39. Kh3 Ra3 40. Ra7
Kg7 41. Kh2 Ra2 42. Ra8 Kf6 43. a7 Kg7 44. Kg1 Kf6 45. Kf1 Kg7 46. Ke1 Kf6 47.
Kd1 Ke7 48. Kc1 Ra6 49. Kb2 Rb6+ 50. Kc3 Ra6 51. g4 Kf6 52. g5+ Kg7 53. Kb4 Ra1
54. Kb5 Rb1+ 55. Kc6 Rc1+ 56. Kxd6 Rd1+ 57. Ke7 Ra1 58. f4 Ra4 59. Kd6 Ra1 60.
f5 Ra2 61. fxg6 fxg6 62. e5 Rd2+ 63. Kc5 1-0

[Event "DEM U16 2015"]
[Site "Willingen GER"]
[Date "2015.05.29"]
[Round "8"]
[White "Keymer, Vincent"]
[Black "Vogel, Roven"]
[Result "1-0"]
[Termination "normal"]
[Board "2"]
[WhiteElo "2338"]
[BlackElo "2429"]
[WhiteClock "00:49:46"]
[BlackClock "00:06:38"]
[PlyCount "116"]
[WhiteFideId "12940690"]
[BlackFideId "12908088"]
[EventCountry "GER"]
[EventRounds "9"]
[EventType "swiss"]
[EventDate "2015.05.23"]

1. e4 g6 2. d4 Bg7 3. Nc3 d6 4. Be3 Nd7 5. Nf3 a6 6. a4 e6 7. Be2 Ne7 8. O-O h6
9. Qd2 g5 10. h4 g4 11. Ne1 h5 12. g3 e5 13. d5 O-O 14. Ng2 Nf6 15. Bh6 Nh7 16.
f3 f5 17. fxg4 fxg4 18. Be3 Bd7 19. b4 Rxf1+ 20. Rxf1 Be8 21. Bg5 Nxg5 22. Qxg5
Kh7 23. b5 axb5 24. Bxb5 Bg6 25. Qe3 c6 26. Bc4 Ra5 27. dxc6 bxc6 28. Bf7 Bxf7
29. Rxf7 Qe8 30. Rf1 Qg6 31. Qd2 Rc5 32. Ne3 Bh6 33. Qd3 Rxc3 34. Qxc3 Qxe4 35.
Ng2 Kg7 36. Qb3 Nf5 37. Qd3 Qxd3 38. cxd3 Nd4 39. a5 Bd2 40. a6 Nb5 41. Kh2 Bb4
42. Ne3 Bc5 43. Nf5+ Kh7 44. Ne7 Na7 45. Rb1 Kg7 46. Rb7 Kf6 47. Rxa7 Bxa7 48.
Nxc6 Bc5 49. a7 Bxa7 50. Nxa7 Ke6 51. Kg2 Kd5 52. Kf2 Kd4 53. Ke2 e4 54. Nc6+
Kc5 55. Ne7 Kd4 56. Nf5+ Ke5 57. dxe4 Kxe4 58. Nxd6+ Kd5 1-0

[Event "DEM U16 2015"]
[Site "Willingen GER"]
[Date "2015.05.29"]
[Round "8"]
[White "Lagunow, Raphael"]
[Black "Bergauz, Noam"]
[Result "1/2-1/2"]
[Termination "normal"]
[Board "3"]
[WhiteElo "2179"]
[BlackElo "2296"]
[WhiteClock "00:12:23"]
[BlackClock "00:30:59"]
[PlyCount "54"]
[WhiteFideId "24652644"]
[BlackFideId "12938033"]
[EventCountry "GER"]
[EventRounds "9"]
[EventType "swiss"]
[EventDate "2015.05.23"]

1. Nf3 Nf6 2. c4 g6 3. g3 Bg7 4. Bg2 O-O 5. O-O d6 6. Nc3 Nc6 7. d4 Rb8 8. h3
Bf5 9. g4 Bd7 10. e4 e5 11. Be3 exd4 12. Nxd4 Re8 13. Qd2 Nxd4 14. Bxd4 c5 15.
Be3 Bc6 16. f3 Nd7 17. Rad1 Qa5 18. Qxd6 Ne5 19. Qxc5 Qxc5 20. Bxc5 Nxc4 21.
Rf2 Nxb2 22. Rxb2 Bxc3 23. Rbb1 Rbd8 24. Bf1 b6 25. Bf2 Ba4 26. Rdc1 Be5 27.
Be3 Bd4 1/2-1/2

[Event "DEM U16 2015"]
[Site "Willingen GER"]
[Date "2015.05.29"]
[Round "8"]
[White "Sawlin, Leonid"]
[Black "Kololli, Martin"]
[Result "1-0"]
[Termination "normal"]
[Board "4"]
[WhiteElo "2121"]
[BlackElo "2229"]
[WhiteClock "01:23:57"]
[BlackClock "00:20:07"]
[PlyCount "47"]
[WhiteFideId "4689542"]
[BlackFideId "12936910"]
[EventCountry "GER"]
[EventRounds "9"]
[EventType "swiss"]
[EventDate "2015.05.23"]

1. e4 e5 2. Nf3 Nc6 3. d4 exd4 4. Nxd4 Qf6 5. Nb3 Qg6 6. Qe2 Nf6 7. f3 Bb4+ 8.
Bd2 O-O 9. Bxb4 Nxb4 10. Qd2 Nc6 11. Nc3 a6 12. O-O-O d6 13. g4 Be6 14. h4 h6
15. Nd4 Nxd4 16. Qxd4 Nd7 17. Be2 b5 18. f4 Qf6 19. Qe3 Nb6 20. g5 Qe7 21. gxh6
g6 22. h5 Kh7 23. f5 Bxf5 24. Qd4 1-0

[Event "DEM U16 2015"]
[Site "Willingen GER"]
[Date "2015.05.29"]
[Round "8"]
[White "Schröder, Kevin"]
[Black "Rinck, Michael"]
[Result "1/2-1/2"]
[Termination "normal"]
[Board "5"]
[WhiteElo "2244"]
[BlackElo "1857"]
[WhiteClock "00:03:29"]
[BlackClock "00:07:06"]
[PlyCount "248"]
[WhiteFideId "12929840"]
[BlackFideId "24690104"]
[EventCountry "GER"]
[EventRounds "9"]
[EventType "swiss"]
[EventDate "2015.05.23"]

1. e4 c5 2. Nf3 e6 3. d4 cxd4 4. Nxd4 a6 5. c4 Nf6 6. Nc3 d6 7. Be2 Qc7 8. O-O
Nbd7 9. Be3 Be7 10. Qd2 b6 11. f3 Bb7 12. a4 O-O 13. a5 Rac8 14. Nb3 Rfd8 15.
Na4 bxa5 16. Qxa5 Nc5 17. Naxc5 dxc5 18. Qxc7 Rxc7 19. Rfd1 Rxd1+ 20. Rxd1 Nd7
21. Bd2 Ne5 22. f4 Nc6 23. Be3 Nb4 24. Bxc5 Rxc5 25. Rd7 Bxe4 26. Nd2 Bd3 27.
Bxd3 Nxd3 28. Rxd3 Rc8 29. Rd7 Bc5+ 30. Kf1 Be3 31. Ne4 Bxf4 32. g3 Be5 33. b4
h6 34. c5 Rb8 35. Nf2 Rxb4 36. Nd3 Rc4 37. Nxe5 Rxc5 38. Rd8+ Kh7 39. Nd7 Rc1+
40. Kg2 Kg6 41. Ra8 Rc2+ 42. Kh3 Ra2 43. Ra7 h5 44. Nc5 a5 45. Nb7 Kh6 46. Rxa5
Rd2 47. g4 hxg4+ 48. Kg3 f5 49. Re5 g5 50. Nc5 f4+ 51. Kxg4 Rg2+ 52. Kf3 Rxh2
53. Nxe6 Rh3+ 54. Kf2 Rg3 55. Nd4 Kg6 56. Re6+ Kf7 57. Ra6 g4 58. Ne2 Rd3 59.
Ra4 g3+ 60. Ke1 Rf3 61. Nxf4 Kf6 62. Ke2 Rf2+ 63. Ke3 Kf5 64. Nd3 Rc2 65. Kf3
g2 66. Ra5+ Kf6 67. Ra1 Rc3 68. Ke3 Rc4 69. Rg1 Rg4 70. Kf3 Rg8 71. Nf4 Kf5 72.
Nxg2 Rh8 73. Ne3+ Ke5 74. Rg5+ Kf6 75. Ra5 Rh3+ 76. Kf4 Rh1 77. Ra6+ Ke7 78.
Ke5 Kd7 79. Rd6+ Kc7 80. Nd5+ Kb7 81. Rb6+ Ka7 82. Rb3 Rh8 83. Kd6 Rh6+ 84. Kc5
Rh5 85. Re3 Rh7 86. Rf3 Kb7 87. Rb3+ Ka7 88. Rb6 Rh5 89. Rg6 Rh7 90. Rg4 Kb7
91. Rb4+ Ka7 92. Rb1 Rh5 93. Rf1 Rh7 94. Kc6 Rh6+ 95. Kc5 Rh7 96. Rf8 Kb7 97.
Kb5 Ka7 98. Nf4 Kb7 99. Ne6 Rh5+ 100. Nc5+ Kc7 101. Rf6 Rh1 102. Rc6+ Kd8 103.
Re6 Kc7 104. Rc6+ Kd8 105. Kc4 Ke7 106. Kd4 Rh4+ 107. Ne4 Kd7 108. Rg6 Kc7 109.
Kd5 Rh5+ 110. Ng5 Rh1 111. Nf3 Rh5+ 112. Ne5 Kb7 113. Re6 Rh7 114. Kc5 Ka7 115.
Re8 Kb7 116. Re6 Ka7 117. Kc6 Rb7 118. Nc4 Rh7 119. Re8 Rb7 120. Nd6 Rb6+ 121.
Kc5 Rb1 122. Nb5+ Kb7 123. Re7+ Kc8 124. Na7+ Kd8 1/2-1/2

[Event "DEM U16 2015"]
[Site "Willingen GER"]
[Date "2015.05.29"]
[Round "8"]
[White "Herbrig, Alexander"]
[Black "Gschnitzer, Adrian"]
[Result "0-1"]
[Termination "normal"]
[Board "6"]
[WhiteElo "2025"]
[BlackElo "2127"]
[WhiteClock "00:01:49"]
[BlackClock "00:09:26"]
[PlyCount "126"]
[WhiteFideId "12952044"]
[BlackFideId "1270337"]
[EventCountry "GER"]
[EventRounds "9"]
[EventType "swiss"]
[EventDate "2015.05.23"]

1. e4 c5 2. Nf3 Nc6 3. d4 cxd4 4. Nxd4 g6 5. c4 Bg7 6. Be3 Nf6 7. Nc3 O-O 8.
Be2 d6 9. O-O Bd7 10. Qd2 Nxd4 11. Bxd4 Bc6 12. f3 Nd7 13. Be3 a5 14. b3 Nc5
15. Rab1 Qb6 16. Nb5 Bxb5 17. cxb5 Rfc8 18. Kh1 Qd8 19. Rfc1 b6 20. Rc2 Rc7 21.
Rbc1 Rac8 22. Bc4 Qd7 23. Qe2 e6 24. Rd1 Qd8 25. Bf4 Rd7 26. Rcd2 Bf8 27. Bg3
Qc7 28. Rd4 Rcd8 29. Qd2 Qb7 30. Bh4 Be7 31. Bxe7 Rxe7 32. Qg5 Red7 33. h4 Qc7
34. Qg3 Nb7 35. f4 Kg7 36. f5 exf5 37. exf5 Re8 38. Rd5 Qd8 39. Rf1 Nc5 40. f6+
Kg8 41. h5 Ne4 42. Qh4 Re6 43. hxg6 hxg6 44. Rf3 Nxf6 45. Rh3 Kf8 46. Qh6+ Ke7
47. Qg5 Qc7 48. Rf3 Rd8 49. Kg1 a4 50. Kf1 axb3 51. axb3 Qa7 52. Kf2 Qa1 53.
Be2 Kd7 54. Re3 Rxe3 55. Kxe3 Nxd5+ 56. Qxd5 Qe5+ 57. Qxe5 dxe5 58. Ke4 f5+ 59.
Kd5 Rc8 60. b4 Rc2 61. Bf1 Rf2 62. Bc4 e4 63. Kd4 Rxg2 0-1

[Event "DEM U16 2015"]
[Site "Willingen GER"]
[Date "2015.05.29"]
[Round "8"]
[White "Niermann, Tristan"]
[Black "Ehmann, Thilo"]
[Result "1/2-1/2"]
[Termination "normal"]
[Board "7"]
[WhiteElo "1855"]
[BlackElo "2234"]
[WhiteClock "00:10:23"]
[BlackClock "00:58:41"]
[PlyCount "79"]
[WhiteFideId "12990698"]
[BlackFideId "12940968"]
[EventCountry "GER"]
[EventRounds "9"]
[EventType "swiss"]
[EventDate "2015.05.23"]

1. e4 c5 2. c3 Qa5 3. Nf3 Nc6 4. Na3 e6 5. Nc4 Qc7 6. d4 cxd4 7. Nxd4 a6 8.
Nxc6 Qxc6 9. e5 b5 10. Nd6+ Bxd6 11. Qxd6 Qxd6 12. exd6 Nf6 13. Be3 Bb7 14. a4
O-O 15. f3 Nd5 16. Bc5 Rfc8 17. Ba3 Ne3 18. Kd2 Nxf1+ 19. Rhxf1 bxa4 20. Rae1
Rc4 21. Re5 Bd5 22. Rfe1 f6 23. R5e3 Kf7 24. Rd3 Bc6 25. Rd4 Rxd4+ 26. cxd4 g5
27. Ke3 h5 28. g3 Rb8 29. Kf2 Rb5 30. Rc1 g4 31. f4 Kg6 32. Rc3 Kf5 33. Ke3 e5
34. fxe5 fxe5 35. Rc5 Rxc5 36. Bxc5 e4 37. d5 Bxd5 38. Kd4 Bc6 39. Bb4 Ke6 40.
Bc5 1/2-1/2

[Event "DEM U16 2015"]
[Site "Willingen GER"]
[Date "2015.05.29"]
[Round "8"]
[White "Uksini, Bardhyl"]
[Black "Kololli, Kevin"]
[Result "1/2-1/2"]
[Termination "normal"]
[Board "8"]
[WhiteElo "2222"]
[BlackElo "2138"]
[WhiteClock "00:22:45"]
[BlackClock "00:40:31"]
[PlyCount "45"]
[WhiteFideId "1628313"]
[BlackFideId "12936863"]
[EventCountry "GER"]
[EventRounds "9"]
[EventType "swiss"]
[EventDate "2015.05.23"]

1. d4 Nf6 2. c4 g6 3. Nc3 Bg7 4. e4 d6 5. f4 O-O 6. Nf3 c5 7. d5 e6 8. Be2 exd5
9. cxd5 Re8 10. e5 dxe5 11. fxe5 Ng4 12. e6 fxe6 13. d6 Bd7 14. O-O Bc6 15. Kh1
Nd7 16. Ng5 Nge5 17. Nge4 Nf7 18. Be3 Rc8 19. Qd2 Be5 20. Bf4 Bd4 21. Be3 Be5
22. Bf4 Bd4 23. Be3 1/2-1/2

[Event "DEM U16 2015"]
[Site "Willingen GER"]
[Date "2015.05.29"]
[Round "8"]
[White "Greßmann, Moritz"]
[Black "Ramien, David"]
[Result "1-0"]
[Termination "normal"]
[Board "9"]
[WhiteElo "2022"]
[BlackElo "1965"]
[WhiteClock "00:03:07"]
[BlackClock "00:06:44"]
[PlyCount "163"]
[WhiteFideId "24695084"]
[BlackFideId "12948241"]
[EventCountry "GER"]
[EventRounds "9"]
[EventType "swiss"]
[EventDate "2015.05.23"]

1. e4 g6 2. d4 Bg7 3. Nf3 d6 4. Bd3 Nf6 5. O-O O-O 6. Re1 Nbd7 7. Nc3 e5 8.
dxe5 dxe5 9. Bc4 c6 10. a4 Qc7 11. Qe2 Nc5 12. Ng5 a5 13. Be3 Qe7 14. Ba2 Ng4
15. Bxc5 Qxc5 16. Rad1 Qe7 17. Qd2 Bf6 18. Nxf7 Rxf7 19. Bxf7+ Kxf7 20. h3 Bg5
21. Qd3 Nf6 22. Qd8 Ne8 23. Qb6 Qb4 24. Qxb4 axb4 25. Ne2 Rxa4 26. Ra1 Rxa1 27.
Rxa1 Ke6 28. Kh2 Nd6 29. f3 Nc4 30. b3 Na3 31. c3 Be7 32. cxb4 Bxb4 33. Nc1 b5
34. Nd3 Be7 35. Rc1 Bd7 36. g3 g5 37. Kg2 Be8 38. Kf2 Bd8 39. Ra1 Bb6+ 40. Kg2
Nc2 41. Ra8 Bd7 42. Rh8 Ne3+ 43. Kh1 Nf1 44. Rxh7 Nxg3+ 45. Kg2 Ne2 46. Rh6+
Ke7 47. Nxe5 Nf4+ 48. Kh2 Be6 49. Nxc6+ Kd6 50. Nb4 Kc5 51. Na6+ Kd4 52. Rh7
Bc8 53. Rh6 Ne6 54. Nb4 Bc7+ 55. Kh1 Bd6 56. Nd5 Ke5 57. Nb6 Bf8 58. Rh8 Kf6
59. Nxc8 Kg7 60. Rxf8 Kxf8 61. Na7 Nd4 62. Kg2 b4 63. Kf2 Nxb3 64. Nc6 Kg7 65.
Nxb4 Kf6 66. Nd3 Nd4 67. Kg3 Nc2 68. h4 gxh4+ 69. Kxh4 Nd4 70. Kg4 Nc6 71. f4
Nd4 72. f5 Nc6 73. e5+ Kf7 74. Kg5 Nd4 75. Nc5 Nf3+ 76. Kf4 Nd4 77. Ke4 Nc6 78.
f6 Nb4 79. Kf5 Nd5 80. e6+ Ke8 81. f7+ Ke7 82. Nd7 1-0

[Event "DEM U16 2015"]
[Site "Willingen GER"]
[Date "2015.05.29"]
[Round "8"]
[White "Rieper, Julian"]
[Black "Gretz, Denis"]
[Result "1/2-1/2"]
[Termination "normal"]
[Board "10"]
[WhiteElo "1844"]
[BlackElo "2241"]
[PlyCount "58"]
[WhiteFideId "12936960"]
[BlackFideId "12945188"]
[EventCountry "GER"]
[EventRounds "9"]
[EventType "swiss"]
[EventDate "2015.05.23"]

1. e4 c5 2. c3 Nf6 3. e5 Nd5 4. Nf3 Nc6 5. d4 cxd4 6. cxd4 d6 7. Bc4 Nb6 8. Bb5
dxe5 9. Nxe5 Bd7 10. Nc3 e6 11. O-O a6 12. Bxc6 Bxc6 13. Nxc6 bxc6 14. Be3 Bd6
15. Rc1 O-O 16. Qf3 Nd5 17. Ne4 Qc7 18. Nxd6 Qxd6 19. Rc4 Rfb8 20. b3 a5 21.
Rfc1 Qa3 22. R1c2 Nxe3 23. fxe3 a4 24. Qxc6 axb3 25. axb3 h6 26. Ra4 Rxa4 27.
Qxa4 Qxb3 28. Qxb3 Rxb3 29. Kf2 Kh7 1/2-1/2

[Event "DEM U16 2015"]
[Site "Willingen GER"]
[Date "2015.05.29"]
[Round "8"]
[White "Ngo, Minh Duc"]
[Black "Schmekel, Florian"]
[Result "1/2-1/2"]
[Termination "normal"]
[Board "11"]
[WhiteElo "2040"]
[BlackElo "1881"]
[PlyCount "69"]
[WhiteFideId "12942693"]
[BlackFideId "12913456"]
[EventCountry "GER"]
[EventRounds "9"]
[EventType "swiss"]
[EventDate "2015.05.23"]

1. e4 c5 2. Nf3 Nc6 3. c3 d5 4. exd5 Qxd5 5. Na3 Bg4 6. Be2 Nf6 7. Nc2 e6 8.
Ne3 Qd8 9. Nxg4 Nxg4 10. O-O Nf6 11. Re1 Be7 12. d3 O-O 13. Be3 b5 14. Qc2 Qd7
15. Rad1 Qc7 16. b3 Rac8 17. Bf1 Nd5 18. Bg5 Bxg5 19. Nxg5 h6 20. Ne4 b4 21. d4
bxc3 22. dxc5 Ncb4 23. Qe2 Qa5 24. a4 Rxc5 25. Nxc5 Qxc5 26. Qc4 Rc8 27. Qxc5
Rxc5 28. Bc4 c2 29. Rd2 Nb6 30. Rc1 Rc8 31. Rdxc2 Nxc2 32. Rxc2 a5 33. f3 Kf8
34. Kf2 Ke7 35. Ke2 1/2-1/2

[Event "DEM U16 2015"]
[Site "Willingen GER"]
[Date "2015.05.29"]
[Round "8"]
[White "Ronge, Tim"]
[Black "Nothnagel, Marian Can"]
[Result "1/2-1/2"]
[Termination "normal"]
[Board "12"]
[WhiteElo "1943"]
[BlackElo "1904"]
[PlyCount "54"]
[WhiteFideId "12955418"]
[BlackFideId "12921530"]
[EventCountry "GER"]
[EventRounds "9"]
[EventType "swiss"]
[EventDate "2015.05.23"]

1. d4 Nf6 2. c4 g6 3. Nc3 Bg7 4. e4 d6 5. Be2 O-O 6. Bg5 c5 7. d5 e6 8. Qd2
exd5 9. exd5 Re8 10. Nf3 Nbd7 11. O-O a6 12. a4 Ne5 13. Rae1 Qc7 14. Nxe5 Rxe5
15. Bd3 Rxe1 16. Rxe1 Bd7 17. h3 Re8 18. Rxe8+ Nxe8 19. b3 Qa5 20. Ne4 Qxd2 21.
Bxd2 Be5 22. Kf1 Kf8 23. Ke2 Ke7 24. f4 Bd4 25. a5 h5 26. Bc2 Bf5 27. Bd3 Nf6
1/2-1/2

[Event "DEM U16 2015"]
[Site "Willingen GER"]
[Date "2015.05.29"]
[Round "8"]
[White "Tiarks, Jann-Christian"]
[Black "Krüger, David"]
[Result "1/2-1/2"]
[Termination "normal"]
[Board "13"]
[WhiteElo "1806"]
[BlackElo "1905"]
[PlyCount "62"]
[WhiteFideId "12951595"]
[BlackFideId "12921858"]
[EventCountry "GER"]
[EventRounds "9"]
[EventType "swiss"]
[EventDate "2015.05.23"]

1. e4 e5 2. Nf3 Nc6 3. d4 exd4 4. Bc4 Bc5 5. O-O Nf6 6. e5 d5 7. Bb5 Ne4 8.
Nxd4 Bd7 9. Bxc6 bxc6 10. Be3 O-O 11. Nd2 Nxd2 12. Qxd2 Bb6 13. Nb3 Qe7 14.
Rfe1 Rae8 15. Rad1 Bg4 16. f3 Bf5 17. g4 Qg5 18. Nc5 Qe7 19. b4 a5 20. c3 Qxe5
21. Bd4 Qd6 22. Nb7 Qg6 23. Nxa5 Bxa5 24. bxa5 Ra8 25. Bc5 Rfb8 26. Bb4 Bc2 27.
Ra1 Re8 28. Qf4 Ba4 29. Qxc7 Rec8 30. Qe5 Bb5 31. Qd4 h6 1/2-1/2

[Event "DEM U16 2015"]
[Site "Willingen GER"]
[Date "2015.05.29"]
[Round "8"]
[White "Philipp, Mathias"]
[Black "Rausch, Adrian"]
[Result "0-1"]
[Termination "normal"]
[Board "14"]
[WhiteElo "1775"]
[BlackElo "1929"]
[PlyCount "44"]
[WhiteFideId "12958883"]
[BlackFideId "12929069"]
[EventCountry "GER"]
[EventRounds "9"]
[EventType "swiss"]
[EventDate "2015.05.23"]

1. e4 e6 2. d4 d5 3. Nc3 Nf6 4. Bg5 Be7 5. e5 Nfd7 6. h4 h6 7. Bxe7 Qxe7 8. Qg4
g6 9. Bd3 a6 10. h5 g5 11. f4 c5 12. dxc5 Nc6 13. Nf3 Qxc5 14. Kd2 Qb4 15. Nxg5
hxg5 16. Qxg5 d4 17. h6 dxc3+ 18. bxc3 Qf8 19. g4 Nc5 20. Qf6 Bd7 21. f5 Nxd3
22. cxd3 Ne7 0-1

[Event "DEM U16 2015"]
[Site "Willingen GER"]
[Date "2015.05.30"]
[Round "9"]
[White "Kollars, Dmitrij"]
[Black "Keymer, Vincent"]
[Result "1/2-1/2"]
[Termination "normal"]
[Board "1"]
[WhiteElo "2410"]
[BlackElo "2338"]
[WhiteClock "00:33:33"]
[BlackClock "00:33:36"]
[PlyCount "58"]
[WhiteFideId "12909572"]
[BlackFideId "12940690"]
[EventCountry "GER"]
[EventRounds "9"]
[EventType "swiss"]
[EventDate "2015.05.23"]

1. e4 c5 2. Nf3 d6 3. Bb5+ Nd7 4. d4 a6 5. Bxd7+ Bxd7 6. dxc5 dxc5 7. Nc3 e6 8.
O-O Ne7 9. Ne5 Bc6 10. Qh5 Ng6 11. Nxc6 bxc6 12. Be3 Rb8 13. Rab1 Qc7 14. f4
Be7 15. Qe2 a5 16. e5 O-O 17. b3 Rfd8 18. Na4 Nh4 19. Nxc5 Bxc5 20. Bxc5 Nf5
21. Rbd1 Rd5 22. Bf2 Rbd8 23. c4 R5d7 24. Rxd7 Qxd7 25. Bb6 Qd2 26. Qxd2 Rxd2
27. Rf2 Rd1+ 28. Rf1 Rd2 29. Rf2 Rd1+ 1/2-1/2

[Event "DEM U16 2015"]
[Site "Willingen GER"]
[Date "2015.05.30"]
[Round "9"]
[White "Vogel, Roven"]
[Black "Lagunow, Raphael"]
[Result "1-0"]
[Termination "normal"]
[Board "2"]
[WhiteElo "2429"]
[BlackElo "2179"]
[WhiteClock "00:53:21"]
[BlackClock "00:08:29"]
[PlyCount "97"]
[WhiteFideId "12908088"]
[BlackFideId "24652644"]
[EventCountry "GER"]
[EventRounds "9"]
[EventType "swiss"]
[EventDate "2015.05.23"]

1. c4 c5 2. Nf3 Nc6 3. d4 cxd4 4. Nxd4 g6 5. e4 Bg7 6. Be3 Nf6 7. Nc3 O-O 8.
Be2 d6 9. O-O Nd7 10. Qd2 Nxd4 11. Bxd4 Bxd4 12. Qxd4 Qb6 13. Qd2 Nf6 14. Kh1
Bd7 15. f4 Bc6 16. Bd3 a5 17. Rae1 Nd7 18. Re3 Qd4 19. Ne2 Qg7 20. Bb1 Nc5 21.
Ng3 b5 22. Nf5 Qf6 23. e5 dxe5 24. Nh6+ Kg7 25. Rxe5 Nd7 26. Rg5 bxc4 27. f5
Rab8 28. b3 c3 29. Qc1 Bb5 30. Ng4 Qd4 31. Rd1 Qb4 32. fxg6 Nf6 33. a3 Qxb3 34.
Rxb5 Qxd1+ 35. Qxd1 Rxb5 36. Nxf6 exf6 37. gxf7 Rxf7 38. h3 Rc7 39. Bc2 Rbc5
40. Qd3 Kg8 41. Kh2 Kf8 42. h4 Kg8 43. Qd6 Kg7 44. Kg1 R5c6 45. Qg3+ Kf8 46. h5
a4 47. Qf4 Re7 48. h6 Re1+ 49. Kf2 1-0

[Event "DEM U16 2015"]
[Site "Willingen GER"]
[Date "2015.05.30"]
[Round "9"]
[White "Bergauz, Noam"]
[Black "Sawlin, Leonid"]
[Result "0-1"]
[Termination "normal"]
[Board "3"]
[WhiteElo "2296"]
[BlackElo "2121"]
[WhiteClock "00:12:04"]
[BlackClock "00:41:51"]
[PlyCount "98"]
[WhiteFideId "12938033"]
[BlackFideId "4689542"]
[EventCountry "GER"]
[EventRounds "9"]
[EventType "swiss"]
[EventDate "2015.05.23"]

1. e4 e6 2. d4 d5 3. Nd2 Nf6 4. e5 Nfd7 5. c3 c5 6. Bd3 Nc6 7. Ne2 cxd4 8. cxd4
f6 9. exf6 Qxf6 10. Nf3 h6 11. O-O Bd6 12. Bd2 O-O 13. Bc3 Rd8 14. Ng3 Nf8 15.
Ne5 Bxe5 16. dxe5 Qh4 17. f4 Bd7 18. Qb3 b6 19. Rae1 Be8 20. f5 Bf7 21. Qa3 Nd7
22. fxe6 Bxe6 23. Bf5 Nf8 24. Bxe6+ Nxe6 25. Nf5 Qg5 26. Qa4 Rac8 27. Rd1 Nc5
28. Qc2 Rc7 29. h4 Qg6 30. b4 Ne4 31. Rxd5 Rxd5 32. Qxe4 Qe6 33. Re1 Ne7 34.
Nd4 Qg6 35. Qf3 Qf7 36. Qg3 Qg6 37. Qf3 Rc4 38. h5 Qf7 39. Qd3 b5 40. a4 Qf4
41. axb5 Rcxd4 42. Bxd4 Qxd4+ 43. Qxd4 Rxd4 44. Ra1 Kf7 45. Rxa7 Rxb4 46. Rb7
Ke6 47. b6 Nf5 48. Rb8 Kxe5 49. b7 Nd6 0-1

[Event "DEM U16 2015"]
[Site "Willingen GER"]
[Date "2015.05.30"]
[Round "9"]
[White "Urban, Konstantin"]
[Black "Gschnitzer, Adrian"]
[Result "0-1"]
[Termination "normal"]
[Board "4"]
[WhiteElo "2206"]
[BlackElo "2127"]
[WhiteClock "00:15:43"]
[BlackClock "00:18:31"]
[PlyCount "96"]
[WhiteFideId "12927511"]
[BlackFideId "1270337"]
[EventCountry "GER"]
[EventRounds "9"]
[EventType "swiss"]
[EventDate "2015.05.23"]

1. e4 c5 2. Nf3 Nc6 3. d4 cxd4 4. Nxd4 g6 5. c4 Bg7 6. Be3 Nf6 7. Nc3 O-O 8.
Be2 d6 9. O-O Bd7 10. Qd2 Nxd4 11. Bxd4 Bc6 12. f3 Nd7 13. Be3 a5 14. b3 Nc5
15. Rab1 Qb6 16. Rfc1 Qb4 17. Rc2 Rfc8 18. Qc1 Qb6 19. Kh1 Qd8 20. Bf1 h5 21.
Qd2 Kh7 22. Nd5 e6 23. Nc3 Be5 24. Qf2 Qf6 25. Nb5 Nxe4 26. fxe4 Bxe4 27. Qxf6
Bxf6 28. Rf2 Bxb1 29. Rxf6 Kg7 30. Rf2 Rc6 31. Rd2 d5 32. c5 Be4 33. Nd6 Rc7
34. Bb5 Kf8 35. Nxe4 dxe4 36. Bf4 Rcc8 37. Kg1 Rd8 38. Bd6+ Kg8 39. Kf2 Rac8
40. Ke3 f5 41. h4 Kf7 42. Rd4 Kf6 43. a3 Kf7 44. Kf4 Kf6 45. Ra4 Rxd6 46. cxd6
Rc3 47. Bd3 Rxd3 48. Rxa5 Rxb3 0-1

[Event "DEM U16 2015"]
[Site "Willingen GER"]
[Date "2015.05.30"]
[Round "9"]
[White "Kololli, Martin"]
[Black "Schröder, Kevin"]
[Result "0-1"]
[Termination "normal"]
[Board "5"]
[WhiteElo "2229"]
[BlackElo "2244"]
[WhiteClock "00:05:52"]
[BlackClock "01:00:33"]
[PlyCount "62"]
[WhiteFideId "12936910"]
[BlackFideId "12929840"]
[EventCountry "GER"]
[EventRounds "9"]
[EventType "swiss"]
[EventDate "2015.05.23"]

1. e4 e5 2. Nf3 Nc6 3. Bc4 Bc5 4. c3 Nf6 5. d3 O-O 6. O-O d6 7. Bb3 Bb6 8. Nbd2
Ne7 9. Nc4 Ng6 10. h3 Be6 11. Re1 c5 12. Nxb6 Bxb3 13. Qxb3 Qxb6 14. Be3 Qc6
15. Rad1 Rac8 16. Bg5 Nh5 17. d4 h6 18. Be3 Nf6 19. Nd2 Rfe8 20. dxc5 dxc5 21.
Nc4 Red8 22. f3 b5 23. Na3 a6 24. Nc2 Nh5 25. Qa3 Nh4 26. Bf2 Nxg2 27. Kxg2
Nf4+ 28. Kf1 Qe6 29. Ne3 Qxh3+ 30. Kg1 Rxd1 31. Rxd1 Ne2# 0-1

[Event "DEM U16 2015"]
[Site "Willingen GER"]
[Date "2015.05.30"]
[Round "9"]
[White "Rinck, Michael"]
[Black "Niermann, Tristan"]
[Result "1-0"]
[Termination "normal"]
[Board "6"]
[WhiteElo "1857"]
[BlackElo "1855"]
[WhiteClock "00:22:38"]
[BlackClock "00:16:24"]
[PlyCount "85"]
[WhiteFideId "24690104"]
[BlackFideId "12990698"]
[EventCountry "GER"]
[EventRounds "9"]
[EventType "swiss"]
[EventDate "2015.05.23"]

1. c4 c6 2. g3 Nf6 3. Nf3 d5 4. Bg2 Bf5 5. cxd5 cxd5 6. Qb3 Nc6 7. d3 Qd7 8.
Bf4 e6 9. Nc3 Be7 10. O-O h6 11. Rfe1 O-O 12. e4 Bh7 13. Ne5 Nxe5 14. Bxe5 dxe4
15. dxe4 Ng4 16. Rad1 Qc8 17. Bd4 Bc5 18. e5 Rd8 19. Qc4 Bxd4 20. Rxd4 h5 21.
h3 Nh6 22. Rxd8+ Qxd8 23. Rd1 Qe7 24. Qb5 Rd8 25. Rxd8+ Qxd8 26. Qxb7 a5 27.
Nb5 Bg6 28. Nd6 Nf5 29. Qc6 Qb8 30. Qa8 Qxa8 31. Bxa8 Nxd6 32. exd6 Kf8 33. Bc6
f6 34. a3 h4 35. b4 axb4 36. axb4 Bd3 37. b5 e5 38. b6 Ba6 39. b7 Bxb7 40. Bxb7
Kf7 41. Bd5+ Ke8 42. Be6 g6 43. g4 1-0